Fundamentals of acoustics / (Record no. 3868)

MARC details
000 -LEADER
fixed length control field 01166nam a2200349 i 4500
003 - CONTROL NUMBER IDENTIFIER
control field EG-ScBUE
005 - DATE AND TIME OF LATEST TRANSACTION
control field 20250525090909.0
008 - FIXED-LENGTH DATA ELEMENTS--GENERAL INFORMATION
fixed length control field 250508t1982 nyua f d 001 0 eng d
020 ## - INTERNATIONAL STANDARD BOOK NUMBER
International Standard Book Number 0471029335
040 ## - CATALOGING SOURCE
Original cataloging agency EG-ScBUE
Language of cataloging eng
Description conventions rda
Transcribing agency EG-ScBUE
Modifying agency EG-ScBUE
082 04 - DEWEY DECIMAL CLASSIFICATION NUMBER
Classification number 534
Item number FUN
Edition number 22
245 00 - TITLE STATEMENT
Title Fundamentals of acoustics /
Statement of responsibility, etc Lawrence E. Kinsler, late professor emeritus, Naval Postgraduate School [and three others]
250 ## - EDITION STATEMENT
Edition statement Third edition.
264 #1 - PUBLICATION, DISTRIBUTION, ETC. (IMPRINT)
Place of publication, distribution, etc New York :
Name of publisher, distributor, etc John Wiley & Sons,
Date of publication, distribution, etc [1982]
264 #4 - PUBLICATION, DISTRIBUTION, ETC. (IMPRINT)
Date of publication, distribution, etc c1982
300 ## - PHYSICAL DESCRIPTION
Extent xvi, 480 pages :
Other physical details illustrations ;
Dimensions 25 cm
336 ## - CONTENT TYPE
Source rdacontent
Content type term text
Content type code txt
337 ## - MEDIA TYPE
Media type term unmediated
Source rdamedia
Media type code n
338 ## - CARRIER TYPE
Carrier type term volume
Carrier type code nc
Source rdacarrier
500 ## - GENERAL NOTE
General note Includes index.
500 ## - GENERAL NOTE
General note Includes glossary.<br/>
650 #7 - SUBJECT ADDED ENTRY--TOPICAL TERM
Topical term or geographic name as entry element Sound-waves.
Source of heading or term BUEsh
650 #7 - SUBJECT ADDED ENTRY--TOPICAL TERM
Topical term or geographic name as entry element Sound
General subdivision Equipment and supplies.
Source of heading or term BUEsh
650 #7 - SUBJECT ADDED ENTRY--TOPICAL TERM
Topical term or geographic name as entry element Architectural acoustics.
Source of heading or term BUEsh
650 #7 - SUBJECT ADDED ENTRY--TOPICAL TERM
Topical term or geographic name as entry element Underwater acoustics.
Source of heading or term BUEsh
655 ## - INDEX TERM--GENRE/FORM
Form subdivision Reading book
700 1# - ADDED ENTRY--PERSONAL NAME
Personal name Kinsler, Lawrence E.,
Relator term author.
700 1# - ADDED ENTRY--PERSONAL NAME
Personal name Frey, Austin R.,
Relator term author.
700 1# - ADDED ENTRY--PERSONAL NAME
Personal name Coppens, Alan B.,
Relator term author.
700 1# - ADDED ENTRY--PERSONAL NAME
Personal name Sanders, James V.,
Relator term author.
942 ## - ADDED ENTRY ELEMENTS (KOHA)
Koha item type Book - Borrowing
Source of classification or shelving scheme Dewey Decimal Classification
Holdings
Withdrawn status Lost status Source of classification or shelving scheme Materials specified (bound volume or other part) Damaged status Not for loan Home library Current library Shelving location Date acquired Source of acquisition Total Checkouts Full call number Barcode Date last seen Price effective from Koha item type
  Lost Dewey Decimal Classification Lost In Inventory_2005-2015/8/22     Central Library Central Library First floor 24/07/2007 Purchase   534 FUN 0000000242 24/07/2007 24/07/2007 Book - Borrowing
    Dewey Decimal Classification       Central Library Central Library First floor 07/08/2007 Purchase   534 FUN 000005113 15/07/2025 07/08/2007 Book - Borrowing